[Event "15th Delhi Open 2017"]
[Site "New Delhi IND"]
[Date "2017.01.15"]
[Round "9.16"]
[White "Murshed, Niaz"]
[Black "Sangma, Rahul"]
[Result "1-0"]
[WhiteTitle "GM"]
[BlackTitle "IM"]
[WhiteElo "2444"]
[BlackElo "2314"]
[WhiteFideId "10200010"]
[BlackFideId "5013615"]
[EventDate "2017.01.09"]

1. c4 Nf6 2. Nc3 e5 3. g3 Nc6 4. Bg2 Bb4 5. Nd5 Nxd5 6. cxd5 Ne7 7. Nf3 Ng6 8.
h4 h5 9. O-O c5 10. a3 Ba5 11. b4 cxb4 12. d4 Qe7 13. dxe5 Nxe5 14. d6 Qf6 15.
Nxe5 Qxe5 16. Bf4 Qb5 17. axb4 Bxb4 18. Qd4 O-O 19. Rfb1 1-0

[Event "15th Delhi Open 2017"]
[Site "New Delhi IND"]
[Date "2017.01.15"]
[Round "9.17"]
[White "Hesham, Abdelrahman"]
[Black "Masango, Spencer"]
[Result "1-0"]
[WhiteTitle "GM"]
[WhiteElo "2418"]
[BlackElo "2198"]
[WhiteFideId "10600183"]
[BlackFideId "14300753"]
[EventDate "2017.01.09"]

1. d4 Nf6 2. c4 g6 3. f3 d5 4. cxd5 Nxd5 5. e4 Nb6 6. Nc3 Bg7 7. Be3 Nc6 8. Bb5
O-O 9. Nge2 a6 10. Bxc6 bxc6 11. b3 a5 12. O-O Ba6 13. Rf2 a4 14. Nxa4 Nxa4 15.
bxa4 c5 16. e5 Bxe2 17. Rxe2 Qd7 18. dxc5 Rfd8 19. Qxd7 Rxd7 20. c6 Rd5 21. f4
f6 22. exf6 Bxf6 23. Rb1 Ra6 24. Rc2 Rd6 25. Rb7 Rdxc6 26. Rxc7 Re6 27. Bf2 Rxa4
28. R7c4 Rea6 29. Rxa4 Rxa4 30. g3 h5 31. Be3 e5 32. fxe5 Bxe5 33. Bg5 Rg4 34.
Bd8 Rd4 35. Be7 Re4 36. Bd8 Rd4 37. Bb6 Rd6 38. Bf2 Bd4 39. a4 Bf6 40. a5 Rd1+
41. Kg2 Ra1 42. Rc6 Be7 43. a6 Kf7 44. a7 Ra2 45. Rc8 1-0

[Event "15th Delhi Open 2017"]
[Site "New Delhi IND"]
[Date "2017.01.15"]
[Round "9.18"]
[White "Sammed Jaykumar, Shete"]
[Black "Vignesh, N R"]
[Result "1/2-1/2"]
[BlackTitle "IM"]
[WhiteElo "2282"]
[BlackElo "2414"]
[WhiteFideId "5073421"]
[BlackFideId "25012215"]
[EventDate "2017.01.09"]

1. e4 g6 2. d4 Bg7 3. Nc3 c6 4. Nf3 d6 5. h3 b5 6. Bd3 a6 7. Ne2 Nd7 8. O-O e5
9. c3 Ngf6 10. Nh2 O-O 11. f4 Re8 12. Ng3 Qb6 13. Bc2 Bb7 14. Kh1 exd4 15. cxd4
Rad8 16. f5 c5 17. d5 Rc8 18. Bg5 Rf8 19. Qd2 c4 20. Qf4 Qd4 21. Rab1 Qe5 22.
Qh4 Rfe8 23. Nf3 Qe7 24. Rbe1 Qf8 25. fxg6 hxg6 26. Nd4 Re5 27. Bxf6 Nxf6 28.
Rxf6 g5 29. Qh5 Bxf6 30. Nf3 Rce8 31. Nxe5 Rxe5 32. Rf1 Bg7 33. Nf5 Bc8 34. Qxg5
Bxf5 35. Rxf5 Qe7 36. Rxe5 Qxe5 37. Qxe5 Bxe5 38. b3 cxb3 39. axb3 Bg3 40. Kg1
Kg7 41. Kf1 Kf6 42. Ke2 Ke5 43. Kd3 Be1 44. Bd1 Kf4 45. Bg4 a5 46. Bd7 b4 47.
Bg4 Bh4 48. Bh5 Kg3 49. Bxf7 Kxg2 50. e5 dxe5 51. Ke4 Kxh3 52. Kxe5 Kg3 53. Kd6
Kf4 54. Kc7 Ke4 55. d6 Kd4 56. d7 Kc3 1/2-1/2

[Event "15th Delhi Open 2017"]
[Site "New Delhi IND"]
[Date "2017.01.15"]
[Round "9.20"]
[White "Malakhatko, Vadim"]
[Black "Murali, Krishnan B T"]
[Result "0-1"]
[WhiteTitle "GM"]
[BlackTitle "IM"]
[WhiteElo "2514"]
[BlackElo "2255"]
[WhiteFideId "14104202"]
[BlackFideId "5004977"]
[EventDate "2017.01.09"]

1. c4 c6 2. Nf3 d5 3. e3 Nf6 4. Nc3 g6 5. d4 Bg7 6. Be2 O-O 7. O-O a6 8. a4 a5
9. Qb3 e6 10. Rd1 Na6 11. Bd2 Nb4 12. Be1 Qe7 13. Bf1 Rd8 14. Ne2 Nd7 15. Rac1
dxc4 16. Rxc4 Bf8 17. Nf4 Re8 18. Bxb4 axb4 19. Nd3 Qd8 20. Nxb4 Nb6 21. Rcc1
Nxa4 22. Nd3 Qd5 23. Qc2 Nb6 24. Nc5 Nd7 25. e4 Qh5 26. b4 Rd8 27. Be2 Qh6 28.
Rb1 Be7 29. h3 Qf8 30. Bf1 b6 31. Na4 Bb7 32. Ne5 Nxe5 33. dxe5 Rxd1 34. Rxd1
Bd8 35. Rd7 Qxb4 36. Qd1 Bg5 37. Qf3 Rf8 38. Nc3 Bc8 39. Rc7 Qc5 40. Qg3 Bd2 41.
Ne2 Ba6 42. Qf3 Bb5 43. Qf6 Qa3 44. Ng3 Qc1 45. Qf3 Bf4 46. Ne2 Bxe2 47. Qxe2
Bxe5 48. Rb7 Bd4 49. g3 b5 50. h4 Qc3 51. Kg2 b4 52. Qa2 Qe1 53. Bd3 c5 54. h5
Qc1 55. hxg6 hxg6 56. Bc4 Qg5 57. Bxe6 fxe6 58. Qxe6+ Kh8 59. f4 Qh5 60. e5 Qe2+
61. Kh3 Qf1+ 62. Kg4 Qd1+ 0-1

[Event "15th Delhi Open 2017"]
[Site "New Delhi IND"]
[Date "2017.01.15"]
[Round "9.21"]
[White "Stopa, Jacek"]
[Black "Patil, Pratik"]
[Result "1-0"]
[WhiteTitle "GM"]
[WhiteElo "2479"]
[BlackElo "2208"]
[WhiteFideId "1119591"]
[BlackFideId "5038758"]
[EventDate "2017.01.09"]

1. f4 Nf6 2. Nf3 g6 3. g3 Bg7 4. Bg2 O-O 5. O-O d5 6. d3 c5 7. Qe1 Nc6 8. e4 d4
9. h3 Rb8 10. a4 b6 11. g4 Bb7 12. Na3 a6 13. Qh4 e6 14. f5 exf5 15. Bg5 h6 16.
Bxh6 Nh7 17. Bxg7 Kxg7 18. gxf5 gxf5 19. Qxd8 Nxd8 20. exf5 Kf6 21. Nh2 Bxg2 22.
Kxg2 Rg8+ 23. Ng4+ Kg5 24. Rf3 Nf6 25. Nxf6 Kxf6+ 26. Kh2 Rg5 27. Nc4 Rxf5 28.
Rxf5+ Kxf5 29. Rf1+ Ke6 30. Re1+ Kd7 31. Ne5+ Kd6 32. h4 Rb7 33. Nc4+ Kd7 34.
Kg3 f6 35. Kg4 b5 36. axb5 axb5 37. Nd2 Ne6 38. Ne4 c4 39. Kf5 1-0

[Event "15th Delhi Open 2017"]
[Site "New Delhi IND"]
[Date "2017.01.15"]
[Round "9.22"]
[White "Arjun, Kalyan"]
[Black "Venkatesh, M.R."]
[Result "1-0"]
[BlackTitle "GM"]
[WhiteElo "2269"]
[BlackElo "2439"]
[WhiteFideId "35018701"]
[BlackFideId "5005779"]
[EventDate "2017.01.09"]

1. e4 g6 2. d4 Bg7 3. Nc3 d6 4. Nf3 a6 5. a4 Nc6 6. d5 Na5 7. Be2 c5 8. O-O Qc7
9. Re1 Bg4 10. Bf1 Nf6 11. h3 Bxf3 12. Qxf3 Nd7 13. b3 O-O 14. Bb2 Qb6 15. Nd1
Ne5 16. Qe3 Rac8 17. f4 Nd7 18. Bxg7 Kxg7 19. Nb2 c4 20. Bxc4 Qxe3+ 21. Rxe3
Nxc4 22. Nxc4 b5 23. axb5 axb5 24. Ra7 Nf6 25. Na3 Rfe8 26. Rb7 e6 27. Nxb5 Rcd8
28. Nc7 1-0

[Event "15th Delhi Open 2017"]
[Site "New Delhi IND"]
[Date "2017.01.15"]
[Round "9.23"]
[White "Kulkarni, Vinayak"]
[Black "Nitin, S."]
[Result "1/2-1/2"]
[BlackTitle "IM"]
[WhiteElo "2268"]
[BlackElo "2427"]
[WhiteFideId "5021332"]
[BlackFideId "5018277"]
[EventDate "2017.01.09"]

1. d4 Nf6 2. c4 e6 3. Nc3 Bb4 4. e3 c5 5. Bd3 O-O 6. Nf3 Nc6 7. O-O cxd4 8. exd4
d5 9. Bg5 dxc4 10. Bxc4 Be7 11. Re1 a6 12. Rc1 b5 13. Bd3 Bb7 14. Bb1 Rc8 15. a3
b4 16. Qd3 g6 17. Na4 Nd5 18. Bh6 Re8 19. Nc5 Bxc5 20. dxc5 Qf6 21. Qd2 bxa3 1/2-1/2

[Event "15th Delhi Open 2017"]
[Site "New Delhi IND"]
[Date "2017.01.15"]
[Round "9.24"]
[White "Raghunandan, Kaumandur Srihari"]
[Black "Harikrishnan, A. Ra"]
[Result "1/2-1/2"]
[WhiteTitle "IM"]
[WhiteElo "2416"]
[BlackElo "2259"]
[WhiteFideId "25004964"]
[BlackFideId "5081483"]
[EventDate "2017.01.09"]

1. d4 Nf6 2. c4 e6 3. Nf3 Bb4+ 4. Bd2 c5 5. Bxb4 cxb4 6. g3 b6 7. Bg2 Bb7 8. O-O
O-O 9. a3 bxa3 10. Nxa3 d5 11. b4 dxc4 12. Nxc4 Bd5 13. Qd3 Nc6 14. b5 Be4 15.
Qd2 Ne7 16. Qb2 Nf5 17. Rfc1 Nd6 18. Ncd2 Bd5 19. Ne5 Bxg2 20. Kxg2 Nd5 21. Ndf3
f6 22. Nc6 Qd7 23. Nd2 Nc7 24. Nxa7 Ncxb5 25. Nxb5 Rxa1 26. Rxa1 Qxb5 27. Qxb5
Nxb5 28. e3 Nd6 29. Kf3 Rb8 30. Ke2 Kf7 31. Kd3 Ke7 32. h4 Kd7 33. g4 Kc7 34. f4
Kb7 35. e4 Rd8 36. Rb1 Kc6 37. Rc1+ Kb7 38. Rb1 Kc6 39. Ke3 Ra8 40. Rc1+ Kd7 41.
Rc3 Ra1 42. Rb3 Rh1 43. Rxb6 Rh3+ 44. Ke2 Rh2+ 45. Ke3 Rh3+ 46. Ke2 Rh2+ 47. Ke3
Rh3+ 1/2-1/2

[Event "15th Delhi Open 2017"]
[Site "New Delhi IND"]
[Date "2017.01.15"]
[Round "9.25"]
[White "Mohammad, Nubairshah Shaikh"]
[Black "Mohammed Abdul, Malek"]
[Result "1-0"]
[WhiteTitle "IM"]
[BlackTitle "FM"]
[WhiteElo "2412"]
[BlackElo "2176"]
[WhiteFideId "5053196"]
[BlackFideId "10201300"]
[EventDate "2017.01.09"]

1. d4 c6 2. c4 Nf6 3. Nc3 d5 4. Nf3 dxc4 5. a4 Bf5 6. e3 e6 7. Bxc4 Bb4 8. O-O
Nbd7 9. Nh4 Bg6 10. Nxg6 hxg6 11. h3 Qc7 12. Qc2 g5 13. f3 O-O-O 14. Ne4 Rh5 15.
Nf2 Rdh8 16. e4 c5 17. Be3 cxd4 18. Bxd4 Kb8 19. Rac1 Qg3 20. Nh1 Qf4 21. Be2
Bd6 22. g3 Rxh3 23. gxf4 Bxf4 24. Kf2 Rh2+ 25. Ke1 Rxh1 26. Rxh1 Rxh1+ 27. Bf1
Bxc1 28. Qxc1 e5 29. Bf2 g4 30. Qe3 a6 31. fxg4 Nxg4 32. Qg5 Ndf6 33. Bg3 Ka8
34. Qxg7 Ka7 35. Bxe5 Nxe5 36. Qxf6 Ng4 37. Qd4+ Ka8 38. Ke2 f6 39. Bg2 Rc1 40.
Bf3 Ne5 41. Qd8+ Ka7 42. Qxf6 Nc6 43. e5 1-0

[Event "15th Delhi Open 2017"]
[Site "New Delhi IND"]
[Date "2017.01.15"]
[Round "9.26"]
[White "Das, Sayantan"]
[Black "Tiwari, Arjun"]
[Result "1-0"]
[WhiteTitle "IM"]
[WhiteElo "2371"]
[BlackElo "2169"]
[WhiteFideId "5034426"]
[BlackFideId "5011337"]
[EventDate "2017.01.09"]

1. e4 e5 2. Nf3 Nc6 3. d4 exd4 4. Nxd4 Bc5 5. Nb3 Bb6 6. Nc3 Nf6 7. Qe2 O-O 8.
Bg5 h6 9. Bh4 Nd4 10. Qd3 Nxb3 11. axb3 Re8 12. O-O-O Ba5 13. Nd5 g5 14. Nxf6+
Qxf6 15. Bg3 Bb6 16. e5 Qg7 17. h4 g4 18. Qd2 a5 19. Qf4 Bc5 20. Bb5 Re7 21. h5
d6 22. Rhe1 Be6 23. Bh4 dxe5 24. Qxe5 Qxe5 25. Rxe5 Bd6 26. Re4 f5 27. Ree1 Bf4+
28. Kb1 Bg5 29. Bxg5 hxg5 30. Rxe6 Rxe6 31. Bc4 Kf7 32. Re1 Re8 33. h6 Kf6 34.
Rxe6+ Rxe6 35. Bxe6 1-0

[Event "15th Delhi Open 2017"]
[Site "New Delhi IND"]
[Date "2017.01.15"]
[Round "9.27"]
[White "Iniyan, P"]
[Black "Chowdhury, Sohel"]
[Result "1-0"]
[BlackTitle "CM"]
[WhiteElo "2363"]
[BlackElo "2129"]
[WhiteFideId "25002767"]
[BlackFideId "10201114"]
[EventDate "2017.01.09"]

1. d4 d5 2. c4 c6 3. Nf3 Nf6 4. Nc3 dxc4 5. a4 Bf5 6. e3 e6 7. Bxc4 Nbd7 8. O-O
Be7 9. Qe2 O-O 10. a5 a6 11. Bd2 h6 12. Rfd1 Bh7 13. e4 Re8 14. Bd3 Qc7 15. Na4
Rac8 16. b4 Bf8 17. Bc3 e5 18. dxe5 Nxe5 19. Nxe5 Rxe5 20. Bxe5 Qxe5 21. Nb6 Re8
22. Nc4 Qg5 23. Qd2 Qh4 24. f3 Nh5 25. Bf1 Nf6 26. Rab1 Bg6 27. Qf2 Qh5 28. Be2
Bh7 29. Rb3 g5 30. Nd6 Re7 31. Rbd3 Rd7 32. Ne8 Nxe8 33. Rxd7 Bxb4 34. Bc4 Bg6
35. Rd8 Kf8 36. Qb2 Bc5+ 37. Kh1 1-0

[Event "15th Delhi Open 2017"]
[Site "New Delhi IND"]
[Date "2017.01.15"]
[Round "9.28"]
[White "Gukesh, D"]
[Black "Dhulipalla, Bala Chandra Prasad"]
[Result "0-1"]
[WhiteTitle "CM"]
[WhiteElo "2236"]
[BlackElo "2353"]
[WhiteFideId "46616543"]
[BlackFideId "25005812"]
[EventDate "2017.01.09"]

1. e4 e5 2. Nf3 Nc6 3. d4 exd4 4. Nxd4 Nf6 5. Nc3 Bb4 6. Nxc6 bxc6 7. Bd3 d5 8.
exd5 cxd5 9. O-O O-O 10. Bg5 c6 11. Na4 Bd6 12. c4 Bg4 13. Bxf6 Bxh2+ 14. Kh1
Bxd1 15. Bxd8 Bxa4 16. Be7 Rfe8 17. Rfe1 Bc7 18. Bf5 dxc4 19. b3 cxb3 20. axb3
Bb5 21. Bd7 Reb8 22. Rac1 Bb6 23. Kg1 Rb7 24. Bxc6 Bxc6 25. Rxc6 Re8 26. Bb4
Rxe1+ 27. Bxe1 f6 28. Kf1 h5 29. f3 Kh7 30. Rd6 Rc7 31. Ke2 Rc2+ 32. Rd2 Rc3 33.
Rd3 Rc6 34. Rd5 Rc2+ 35. Rd2 Rc3 36. Rd3 Rc5 37. Bd2 g5 38. Bc3 Kg6 39. Kd2 Rc6
40. Rd5 Kf7 41. Rd7+ Ke6 42. Rh7 h4 43. Rg7 Kf5 44. Rf7 a6 45. Kd3 Bc7 46. Bd2
Bf4 47. Bc3 Re6 48. Ra7 g4 49. fxg4+ Kxg4 50. Rg7+ Bg5 51. Kc4 Kf5 52. Rd7 Re2
53. Rd5+ Kg6 54. Rd6 Rxg2 55. Rxa6 h3 56. Ra1 h2 57. Rh1 f5 58. Be5 f4 59. Kd3
Kf5 60. Bb8 Bh4 61. b4 Bg3 62. Ba7 f3 63. Rf1 Kg4 64. b5 f2 65. Bxf2 Bxf2 66.
Rh1 Bg3 0-1

[Event "15th Delhi Open 2017"]
[Site "New Delhi IND"]
[Date "2017.01.15"]
[Round "9.29"]
[White "Kulkarni, Rakesh"]
[Black "Sankalp, Gupta"]
[Result "1-0"]
[WhiteElo "2344"]
[BlackElo "2093"]
[WhiteFideId "5037077"]
[BlackFideId "5097010"]
[EventDate "2017.01.09"]

1. d4 Nf6 2. Bg5 d5 3. e3 Bf5 4. c4 Bxb1 5. Rxb1 Ne4 6. Bh4 c6 7. f3 Nd6 8. c5
Nf5 9. Bf2 e6 10. Bd3 Qg5 11. g3 Nd7 12. Qd2 Qd8 13. Ne2 g6 14. e4 Ne7 15. O-O
Bg7 16. e5 O-O 17. b4 b6 18. g4 a5 19. a3 axb4 20. axb4 b5 21. Bh4 Qe8 22. Ng3
Ra3 23. Ra1 Rxa1 24. Rxa1 f6 25. exf6 Bxf6 26. Bxf6 Rxf6 27. Qe3 Qb8 28. g5 Rf7
29. f4 Qxf4 30. Qxf4 Rxf4 31. Ra7 Rxd4 32. Rxd7 Kf7 33. Bf1 Rxb4 34. Bh3 Rc4 35.
Rd6 Nf5 36. Nxf5 gxf5 37. Rxc6 d4 38. Bf1 Rc1 39. Kf2 b4 40. Rb6 Rxc5 41. Rxb4
e5 42. Rb6 Rc2+ 43. Kg1 Kg7 44. Rb5 e4 45. Rxf5 d3 46. Rd5 Rd2 47. Rd4 Kg6 48.
Rxe4 Kxg5 49. Rd4 Rd1 50. Kf2 Rd2+ 51. Kg3 Kf5 52. Bxd3+ Ke5 53. Rd8 h5 54. Re8+
Kf6 55. Be2 Kg5 56. h4+ 1-0

[Event "15th Delhi Open 2017"]
[Site "New Delhi IND"]
[Date "2017.01.15"]
[Round "9.30"]
[White "Jayakumaar, S"]
[Black "Rakesh, Kumar Jena"]
[Result "1-0"]
[BlackTitle "FM"]
[WhiteElo "2211"]
[BlackElo "2335"]
[WhiteFideId "5090997"]
[BlackFideId "5084822"]
[EventDate "2017.01.09"]

1. e4 d6 2. d4 g6 3. Nc3 Bg7 4. f4 a6 5. Nf3 b5 6. Bd3 Bb7 7. Ne2 Nf6 8. Ng3 O-O
9. O-O c5 10. c3 cxd4 11. cxd4 Nc6 12. h3 Qb6 13. Be3 e5 14. Ne2 Rfe8 15. Bf2
exd4 16. Nexd4 Nxd4 17. Bxd4 Qa5 18. e5 Nd5 19. Be4 Rad8 20. Qb3 Qa4 21. Qxa4
bxa4 22. Rad1 dxe5 23. fxe5 Bh6 24. Rfe1 Ba8 25. Bc5 Nf4 26. Bd6 Bxe4 27. Rxe4
a3 28. b3 f6 29. Ree1 fxe5 30. Nxe5 Bg7 31. Nc4 Ne2+ 32. Kf1 Nc3 33. Rxe8+ Rxe8
34. Re1 Ne4 35. Bxa3 Bd4 36. Ne3 Nd2+ 37. Kf2 a5 38. Bc1 Ne4+ 39. Ke2 Nc3+ 40.
Kd3 Bg7 41. a4 Rd8+ 42. Kc2 Rc8 43. Nc4 Nxa4 44. Be3 Nb2 45. Bd2 a4 46. Re4 a3
47. Kb1 Rd8 48. Bb4 Rd1+ 49. Ka2 Nxc4 50. bxc4 Ra1+ 51. Kb3 a2 52. Re8+ Kf7 53.
Re7+ Kf6 54. Rxg7 Rb1+ 55. Kxa2 Rxb4 56. Rc7 h5 57. Ka3 Rb1 58. Rd7 g5 59. Rd2
g4 60. hxg4 hxg4 61. Ka4 Ke5 62. c5 Rc1 63. Kb5 Rb1+ 64. Ka6 Ra1+ 65. Kb7 Rb1+
66. Kc7 1-0

[Event "15th Delhi Open 2017"]
[Site "New Delhi IND"]
[Date "2017.01.15"]
[Round "9.31"]
[White "Debarshi, Mukherjee"]
[Black "Rajesh, V A V"]
[Result "1-0"]
[BlackTitle "IM"]
[WhiteElo "2193"]
[BlackElo "2331"]
[WhiteFideId "5007291"]
[BlackFideId "5029317"]
[EventDate "2017.01.09"]

1. d4 Nf6 2. c4 g6 3. Nc3 d5 4. cxd5 Nxd5 5. e4 Nxc3 6. bxc3 Bg7 7. Nf3 c5 8.
Be3 O-O 9. Be2 Nc6 10. O-O cxd4 11. cxd4 Bg4 12. d5 Bxf3 13. Bxf3 Na5 14. Rc1 b6
15. Bg4 Qd6 16. Qd2 Rad8 17. Rfd1 f5 18. exf5 gxf5 19. Bf3 Be5 20. h3 Rc8 21.
Qe2 Bf6 22. Bf4 Qd7 23. Rxc8 Qxc8 24. d6 exd6 25. Rxd6 Re8 26. Qd3 Bg7 27. Qd5+
Kh8 28. Rd7 Qc3 29. Rd8 Qe1+ 30. Kh2 Qe7 31. Rxe8+ Qxe8 32. Qxf5 Bb2 33. Be4 Qe7
34. Qc8+ Kg7 35. Bd5 Kf6 36. Qg8 Qg7 37. Qe6# 1-0

[Event "15th Delhi Open 2017"]
[Site "New Delhi IND"]
[Date "2017.01.16"]
[Round "10.1"]
[White "Ghosh, Diptayan"]
[Black "Amonatov, Farrukh"]
[Result "1/2-1/2"]
[WhiteTitle "GM"]
[BlackTitle "GM"]
[WhiteElo "2570"]
[BlackElo "2619"]
[WhiteFideId "5045207"]
[BlackFideId "14700077"]
[EventDate "2017.01.09"]

1. d4 d5 2. c4 e6 3. Nf3 Nf6 4. g3 Be7 5. Bg2 dxc4 6. O-O O-O 7. Qc2 a6 8. Qxc4
b5 9. Qc2 Bb7 10. Bd2 Be4 11. Qc1 Bb7 12. Qc2 Be4 13. Qc1 Bb7 14. Qc2 Be4 1/2-1/2

[Event "15th Delhi Open 2017"]
[Site "New Delhi IND"]
[Date "2017.01.16"]
[Round "10.2"]
[White "Karthikeyan, Murali"]
[Black "Dzhumaev, Marat"]
[Result "1/2-1/2"]
[WhiteTitle "GM"]
[BlackTitle "GM"]
[WhiteElo "2564"]
[BlackElo "2457"]
[WhiteFideId "5074452"]
[BlackFideId "14200236"]
[EventDate "2017.01.09"]

1. e4 e5 2. Nf3 Nc6 3. Bb5 a6 4. Ba4 g6 5. O-O Bg7 6. c3 d6 7. Bxc6+ bxc6 8. d4
f6 9. Qb3 Qd7 10. Na3 a5 11. c4 Nh6 12. c5 Nf7 13. cxd6 cxd6 14. dxe5 fxe5 15.
Rd1 O-O 16. Nc4 Qe6 17. Qc3 Ba6 18. Nxa5 Be2 19. Re1 Bxf3 20. gxf3 Rxa5 21. Qxa5
Qh3 22. Qc3 d5 23. f4 Qh5 24. Qg3 dxe4 25. Rxe4 Nd6 26. Re1 Nf5 27. Qg5 Qf3 28.
a4 Nd4 29. Ra3 exf4 30. Qg2 Qh5 31. f3 Qc5 32. Qf2 Qd5 33. Kh1 g5 34. Qg2 h5 35.
Rd3 c5 36. Bd2 c4 37. Rc3 Nf5 38. Rg1 Rf7 39. Qe2 Nh4 40. Be1 Bxc3 41. Bxh4 Bf6
42. Rd1 Qc6 43. Rg1 Rg7 44. Bf2 Qxa4 45. Qe6+ Rf7 46. Qc8+ Kg7 47. Bh4 Qd7 48.
Qxc4 Qh3 49. Qxf4 Be7 50. Rxg5+ Bxg5 51. Qxg5+ Kf8 52. Qd8+ Kg7 53. Qg5+ Kf8 54.
Qf4 1/2-1/2

[Event "15th Delhi Open 2017"]
[Site "New Delhi IND"]
[Date "2017.01.16"]
[Round "10.3"]
[White "Swayams, Mishra"]
[Black "Tukhaev, Adam"]
[Result "1/2-1/2"]
[WhiteTitle "IM"]
[BlackTitle "GM"]
[WhiteElo "2491"]
[BlackElo "2516"]
[WhiteFideId "5028183"]
[BlackFideId "14109476"]
[EventDate "2017.01.09"]

1. d4 Nf6 2. c4 g6 3. Nc3 Bg7 4. e4 d6 5. Be2 O-O 6. Be3 Na6 7. g4 c5 8. d5 b5
9. cxb5 Nc7 10. a4 Rb8 11. g5 Nh5 12. Bxh5 gxh5 13. Qxh5 a6 14. Nge2 axb5 15.
axb5 Nxb5 16. Nxb5 Rxb5 17. O-O Rxb2 18. Ng3 Qd7 19. Nf5 Rb4 20. Nh6+ Bxh6 21.
gxh6 f6 22. f3 Qh3 23. Qxh3 Bxh3 24. Rfb1 Kf7 25. Kf2 Rg8 26. Rxb4 Rg2+ 27. Ke1
cxb4 28. Rb1 Ra2 29. Rxb4 Bg2 30. f4 Bf3 31. Bd2 f5 32. exf5 Bxd5 33. Bc3 Rxh2
34. Bg7 Rh5 35. Rb8 Rxf5 36. Rf8+ Kg6 37. Rxf5 Kxf5 38. Bf8 1/2-1/2

[Event "15th Delhi Open 2017"]
[Site "New Delhi IND"]
[Date "2017.01.16"]
[Round "10.4"]
[White "Lalith, Babu M R"]
[Black "Visakh, N R"]
[Result "1-0"]
[WhiteTitle "GM"]
[BlackTitle "IM"]
[WhiteElo "2587"]
[BlackElo "2453"]
[WhiteFideId "5024595"]
[BlackFideId "25012223"]
[EventDate "2017.01.09"]

1. Nf3 Nf6 2. c4 e6 3. d4 d5 4. g3 Be7 5. Bg2 O-O 6. O-O dxc4 7. Qc2 a6 8. a4
Bd7 9. Qxc4 Bc6 10. Bg5 a5 11. Nc3 Bxf3 12. Bxf3 c6 13. Qb3 Ra7 14. e4 Na6 15.
Be3 Ra8 16. d5 exd5 17. exd5 Nb4 18. Rfd1 cxd5 19. Nxd5 Nfxd5 20. Bxd5 Nxd5 21.
Rxd5 Qc8 22. Rc1 Qe6 23. Rc7 Rad8 24. Rb5 Qe4 25. Rbxb7 Rd3 26. Rc3 Rxc3 27.
bxc3 h5 28. Rd7 Bf6 29. h4 Qc6 30. Rd3 Bxh4 31. Qb6 Qxb6 32. Bxb6 Bf6 33. Bxa5
Ra8 34. Rd5 h4 35. gxh4 Rc8 36. Bb4 Bxc3 37. Rc5 Rxc5 38. Bxc5 Ba5 39. Kf1 Kh7
40. f3 Kg6 41. Bf2 Kh5 42. Be1 Bc7 43. Kg2 f6 44. Kh3 g5 45. a5 gxh4 46. a6 Bb6
47. Bxh4 Kg6 48. Kg2 1-0

[Event "15th Delhi Open 2017"]
[Site "New Delhi IND"]
[Date "2017.01.16"]
[Round "10.5"]
[White "Shyaamnikhil, P"]
[Black "Sivuk, Vitaly"]
[Result "1/2-1/2"]
[WhiteTitle "IM"]
[BlackTitle "GM"]
[WhiteElo "2446"]
[BlackElo "2540"]
[WhiteFideId "5024218"]
[BlackFideId "14116502"]
[EventDate "2017.01.09"]

1. e4 c5 2. Nf3 e6 3. b3 Nc6 4. Bb2 a6 5. d4 cxd4 6. Nxd4 Qc7 7. Nxc6 Qxc6 8.
Bd3 Nf6 9. Nd2 Be7 10. O-O d6 11. a4 b6 12. Qe2 Bb7 13. b4 O-O 14. c4 a5 15. b5
Qc7 16. f4 Nd7 17. Rf3 Bf6 18. Bxf6 Nxf6 19. Rh3 h6 20. Kh1 Rfd8 21. Rf1 Rac8
22. Rg3 Qe7 23. e5 Ne8 24. Ne4 Bxe4 25. Qxe4 g6 26. Qe3 Rc5 27. h4 Ng7 28. Rh3
h5 29. exd6 Qxd6 30. Rg3 Qd4 31. Qe2 Kf8 32. Rgf3 Qf6 33. g3 Nf5 34. Bxf5 Qxf5
35. Rc1 Rd4 36. Kg2 Qe4 37. Qxe4 Rxe4 38. Rfc3 Re2+ 39. Kf3 Ra2 40. Rd1 Ke7 41.
Ke4 Rxa4 42. Kd3 Kf6 43. Re1 Kf5 44. Re4 Ra1 45. Rd4 Rd1+ 46. Ke3 Rxd4 47. Kxd4
Kf6 48. Re3 Ke7 49. Kc3 Rc7 50. Re5 Kd6 51. Kd4 f6 52. Re2 e5+ 53. Kc3 Ke6 54.
Re3 Rc8 55. Re2 Kf5 56. fxe5 fxe5 57. Rf2+ Ke6 58. Rg2 Rf8 59. c5 Kd5 60. cxb6
Kc5 61. b7 Rb8 62. Re2 Kd5 63. Ra2 Rxb7 64. Rxa5 Ke4 65. Ra6 Rxb5 66. Rxg6 Rb8
67. Rg5 Rh8 68. Kd2 Kd4 69. Ke2 Rh7 70. Rf5 Rg7 71. Rg5 Rh7 72. Rf5 Ke4 73. Rg5
Rh6 74. g4 hxg4 75. Rxg4+ Kd5 76. Ra4 Rb6 77. h5 Rb2+ 78. Kf3 Rh2 79. Ra5+ Kd4
80. Ra4+ Kd5 1/2-1/2

[Event "15th Delhi Open 2017"]
[Site "New Delhi IND"]
[Date "2017.01.16"]
[Round "10.6"]
[White "Movsziszian, Karen"]
[Black "Nguyen, Huynh Minh Huy"]
[Result "1/2-1/2"]
[WhiteTitle "GM"]
[BlackTitle "GM"]
[WhiteElo "2507"]
[BlackElo "2448"]
[WhiteFideId "13301152"]
[BlackFideId "12401269"]
[EventDate "2017.01.09"]

1. g3 d5 2. Bg2 c6 3. d3 Bg4 4. f4 e6 5. h3 Bh5 6. Nf3 Bc5 7. e3 f5 8. g4 fxg4
9. Ng5 Nf6 10. Nxe6 Qe7 11. Nxc5 Qxc5 12. hxg4 Bxg4 13. Qd2 Nbd7 14. b4 Qe7 15.
b5 O-O 16. bxc6 bxc6 17. Ba3 c5 18. Nc3 Qe6 19. O-O Bh3 20. Rae1 Bxg2 21. Qxg2 1/2-1/2

[Event "15th Delhi Open 2017"]
[Site "New Delhi IND"]
[Date "2017.01.16"]
[Round "10.7"]
[White "Deviatkin, Andrei"]
[Black "Murshed, Niaz"]
[Result "1-0"]
[WhiteTitle "GM"]
[BlackTitle "GM"]
[WhiteElo "2499"]
[BlackElo "2444"]
[WhiteFideId "4121260"]
[BlackFideId "10200010"]
[EventDate "2017.01.09"]

1. e4 d5 2. Nc3 d4 3. Nce2 c5 4. Ng3 Nc6 5. Bc4 Nf6 6. d3 b5 7. Bb3 Na5 8. Nf3
Nxb3 9. axb3 e6 10. O-O Be7 11. Bg5 h6 12. Bd2 Bb7 13. Qe2 Nd7 14. Ne1 O-O 15.
f4 Bh4 16. f5 Bxg3 17. hxg3 exf5 18. Rxf5 Qe7 19. b4 g6 20. Rf2 cxb4 21. Bxh6
Rfe8 22. Nf3 Qc5 23. Qd2 a5 24. Raf1 Ra6 25. Qf4 f6 26. Qg4 f5 27. exf5 Bxf3 28.
Qxf3 Ne5 29. Qe4 gxf5 30. Qh4 Qe7 31. Bg5 Qh7 32. Rxf5 Qxh4 33. gxh4 Ng4 34.
Rxb5 Rc6 35. Bf4 Ne3 36. Rf2 Nd1 37. Rf3 Rxc2 38. Rb7 Ne3 39. Rg3+ Kh8 40. Rg5
Rxb2 41. Kh2 a4 42. Kh3 b3 43. Rh5+ Kg8 44. Be5 Rxe5 45. Rxe5 Rf2 46. Rg5+ Kh8
47. Ra5 Rxg2 48. Rxa4 Rg8 49. Rxd4 Nd1 50. Rxb3 1-0